15 größte Städte Russland - Statistiken

Allgemein
  • Dieses Quiz wurde 64 mal gespielt
  • Das Durchschnittsergebnis liegt bei 9 aus 15
Antwortstatistiken
Einwohner Antwort % Korrekt
13.010.000 Moskau
98%
5.602.000 Sankt Petersburg
98%
1.142.000 Rostow am Don
73%
1.544.000 Jekaterinburg
69%
1.126.000 Omsk
69%
1.309.000 Kasan
63%
1.226.000 Nischni Nowgorod
63%
1.634.000 Nowosibirsk
63%
1.034.000 Perm
58%
1.173.000 Samara
50%
1.145.000 Ufa
48%
1.099.000 Krasnodar
40%
1.190.000 Tscheljabinsk
33%
1.058.000 Woronesch
31%
1.188.000 Krasnojarsk
23%
Keine übereinstimmenden Quizze gefunden
Verteilung der Resultate
Anzahl Personen mit jedem Resultat
Perzentil nach korrekt beantworteten Fragen
Ihre Resultats-Entwicklung
Sie haben dieses Quiz noch nicht gespielt